Statystyki dla Miasta nad Wartą

Kliknij tutaj aby rozwiązać quiz!

Ogólne statystyki

  • Ten quiz został rozwiązany 51 razy
  • Średni wynik to 8 z 24

Statystyki odpowiedzi

LudnośćMiasto% Poprawnych
534 813Poznań
100%
123 609Gorzów Wielkopolski
72%
73 522Konin
64%
220 433Częstochowa
57%
29 979Śrem
49%
22 549Koło
47%
41 953Sieradz
43%
49 334Zawiercie
40%
18 375Oborniki
36%
3 242Warta
36%
9 677Kostrzyn
34%
31 296Luboń
30%
31 650Myszków
30%
11 305Wronki
30%
9 778Puszczykowo
28%
3 000Uniejów
28%
10 666Międzychód
23%
3 187Pyzdry
17%
2 375Obrzycko
15%
5 810Działoszyn
13%
6 053Sieraków
13%
9 593Skwierzyna
13%
3 069Zagórów
9%
6 731Witnica
6%

Rozkład punktacji

Percentyl według liczby udzielonych odpowiedzi

Procent ludzi z każdym wynikiem

Twoja historia wyników

Nie rozwiązałeś tego quizu